000 00469nam a2200181Ia 4500
003 0100
008 130303s9999 xx 000 0 und d
040 _cARRUPELIB
050 _aLA132.H37 1968
100 _aHavighurst, Robert J
245 _aComparative Perspectives on Education
260 _aBoston
260 _bLittle, Brown Company LTD
260 _C1968
300 _a285p
700 _aEdited and with introduction by Robert J. Havighurst
942 0 0 _01
999 _c35497
_d35497